Banner

Palimpsestos : (Record no. 1814)

MARC details
000 -LEADER
campo de control de longitud fija 01584nam a22002417a 4500
003 - IDENTIFICADOR DE NÚMERO DE CONTROL
campo de control OSt
005 - FECHA Y HORA DE LA ÚLTIMA TRANSACCIÓN
campo de control 20240711195947.0
008 - DATOS DE LONGITUD FIJA--INFORMACIÓN GENERAL
campo de control de longitud fija 240711b |||||||| |||| 00| 0 eng d
020 ## - NÚMERO INTERNACIONAL ESTÁNDAR DEL LIBRO
Número Internacional Estándar del Libro 9581700757
040 ## - FUENTE DE CATALOGACIÓN
Centro catalogador/agencia de origen CO-UdeC
Lengua de catalogación ESP
Centro/agencia transcriptor CO-UdeC
Centro/agencia modificador CO-UdeC
Normas de descripción AARC
082 04 - NÚMERO DE LA CLASIFICACIÓN DECIMAL DEWEY
Número de clasificación 808
Número de ítem T275p
100 1# - ENTRADA PRINCIPAL--NOMBRE DE PERSONA
Nombre de persona Tellez, Freddy
9 (RLIN) 2585
245 ## - MENCIÓN DEL TÍTULO
Título Palimpsestos :
Resto del título Los rostros de la escritura /
Mención de responsabilidad, etc. Freddy Tellez.
260 ## - PUBLICACIÓN, DISTRIBUCIÓN, ETC.
Lugar de publicación, distribución, etc. Bogotá :
Nombre del editor, distribuidor, etc. Universidad Nacional de Colombia,
Fecha de publicación, distribución, etc. 1990.
300 ## - DESCRIPCIÓN FÍSICA
Extensión 153 p. ;
Dimensiones 24 cm.
504 ## - NOTA DE BIBLIOGRAFÍA, ETC.
Nota de bibliografía, etc. Nota Incluye referencias.
505 ## - NOTA DE CONTENIDO CON FORMATO
Nota de contenido con formato Ficciones : La maquinaria de Joyce -- Henry Miller, la vida en acto -- "1984" o la materialidad del totalitarismo -- Pensar el pensar o el Monsieur Teste de Valéry -- Edward Albee y la intemporalidad del absurdo -- La escritura, esa máscara (a propósito de Jakov Lind) -- La llama y el hielo o la escritura y la disidencia -- Los fenómenos García Márquez e Isabel Allende: reflexiones comprometidas -- Situaciones : De la escritura (esa escritura) o de cómo se escribe, escribiendo -- El anti-pro-intelecto -- De la crisis, la técnica, la inteligencia y otras ingenierías -- El discreto encanto de la guerra -- Mi enfermedad, esa cierta inconsciencia -- Revolución sin revolución o el mago francés de 1968 -- Emplazamientos : Más allá de Lukács -- Escándalo en los archivos de Freud -- "Wilhelm Reich, mi padre" (entrevista con Eva Reich)
650 #0 - PUNTO DE ACCESO ADICIONAL DE MATERIA--TÉRMINO DE MATERIA
Término de materia o nombre geográfico como elemento de entrada Ensayos colombianos
9 (RLIN) 2299
Subdivisión general Siglo XX
650 #0 - PUNTO DE ACCESO ADICIONAL DE MATERIA--TÉRMINO DE MATERIA
Término de materia o nombre geográfico como elemento de entrada Literatura
9 (RLIN) 1611
650 #0 - PUNTO DE ACCESO ADICIONAL DE MATERIA--TÉRMINO DE MATERIA
Término de materia o nombre geográfico como elemento de entrada Escritura
9 (RLIN) 2587
650 #0 - PUNTO DE ACCESO ADICIONAL DE MATERIA--TÉRMINO DE MATERIA
Término de materia o nombre geográfico como elemento de entrada Escritura creativa
9 (RLIN) 2586
942 ## - ELEMENTOS DE ENTRADA SECUNDARIOS (KOHA)
Fuente del sistema de clasificación o colocación Clasificación Decimal Dewey
Tipo de ítem Koha Libros
Parte de la signatura que corresponde a la clasificación (Parte de la clasificación) 808 T275p
Suprimir en OPAC No
Holdings
Estatus retirado Estado de pérdida Fuente del sistema de clasificación o colocación Estado de daño No para préstamo Colección Biblioteca de origen Biblioteca actual Fecha de adquisición Total de préstamos Signatura topográfica completa Código de barras Visto por última vez Copia número Precio de reemplazo Tipo de ítem Koha
    Clasificación Decimal Dewey     Colección general U DE COLOMBIA - Biblioteca U DE COLOMBIA - Biblioteca 11/07/2024   808 T275p 003743 11/07/2024 1 11/07/2024 Libros


Biblioteca Académica Corporación Universitaria U DE COLOMBIA | Teléfono: +(57) (4) 2398080 ext. 1112 | E-mail: biblioteca@udecolombia.edu.co | Dirección: Calle 56 Nº 41 – 147 (Bolivia con Girardot)
Horario de atención: lunes a viernes 8:00 a.m. a 8:00 p.m. - sábados 8:00 a.m. a 4:00 p.m.
Implementado por Grupo EGS.

Powered by Koha